Fideicomiso o trust / (Record no. 6681)
[ view plain ]
| 000 -CABECERA | |
|---|---|
| campo de control de longitud fija | 00744nam a2200217 a 4500 |
| 001 - NÚMERO DE CONTROL | |
| campo de control | 000006895 |
| 003 - IDENTIFICADOR DEL NÚMERO DE CONTROL | |
| campo de control | DO-SdBNP |
| 005 - FECHA Y HORA DE LA ÚLTIMA TRANSACCIÓN | |
| campo de control | 20251215095639.0 |
| 008 - DATOS DE LONGITUD FIJA--INFORMACIÓN GENERAL | |
| campo de control de longitud fija | 090903s1982 dr 001 0 spa d |
| 040 ## - FUENTE DE LA CATALOGACIÓN | |
| Centro catalogador/agencia de origen | DO-SdBNP |
| Lengua de catalogación | spa |
| Centro/agencia transcriptor | BNPHU |
| 082 #4 - NÚMERO DE LA CLASIFICACIÓN DECIMAL DEWEY | |
| Número de clasificación | 346.7293059 |
| Número de documento/Ítem | P438f |
| Número de edición | 22 |
| 100 1# - ENTRADA PRINCIPAL--NOMBRE DE PERSONA | |
| Nombre de persona | Pérez, Luis Julián |
| 9 (RLIN) | 14856 |
| 245 10 - MENCIÓN DE TÍTULO | |
| Título | Fideicomiso o trust / |
| Mención de responsabilidad, etc. | Luis Julián Pérez ; prólogo, Luis R. del Castillo, Juan ML. Pellerano Gómez. |
| 260 ## - PUBLICACIÓN, DISTRIBUCIÓN, ETC. | |
| Lugar de publicación, distribución, etc. | Santo Domingo : |
| Nombre del editor, distribuidor, etc. | Amigo del Hogar, |
| Fecha de publicación, distribución, etc. | 1982. |
| 300 ## - DESCRIPCIÓN FÍSICA | |
| Extensión | 164 p. ; |
| Dimensiones | 23 cm. |
| 500 ## - NOTA GENERAL | |
| Nota general | Incluye bibliografía (p. 161) |
| 650 #0 - PUNTO DE ACCESO ADICIONAL DE MATERIA--TÉRMINO DE MATERIA | |
| Término de materia o nombre geográfico como elemento de entrada | Fideicomiso |
| Subdivisión geográfica | República Dominicana |
| 9 (RLIN) | 33544 |
| 700 1# - PUNTO DE ACCESO ADICIONAL--NOMBRE DE PERSONA | |
| Nombre de persona | R. del Castillo, Luis |
| Término indicativo de función/relación | pról. |
| 9 (RLIN) | 19127 |
| 700 1# - PUNTO DE ACCESO ADICIONAL--NOMBRE DE PERSONA | |
| Nombre de persona | Pellerano, Juan ML. |
| Término indicativo de función/relación | pról. |
| 9 (RLIN) | 19128 |
| 942 ## - ELEMENTOS DE PUNTO DE ACCESO ADICIONAL (KOHA) | |
| Fuente del sistema de clasificación o colocación | Dewey Decimal Classification |
| Tipo de ítem Koha | Libro |
| Estado de retiro | Estado de pérdida | Fuente del sistema de clasificación o colocación | Restricciones de uso | No para préstamo | Código de colección | Localización permanente | Ubicación/localización actual | Ubicación en estantería | Fecha de adquisición | Número de inventario | Total de préstamos | Signatura topográfica completa | Código de barras | Fecha visto por última vez | Número de copia | Precio válido a partir de | Tipo de ítem Koha | Nota pública |
|---|---|---|---|---|---|---|---|---|---|---|---|---|---|---|---|---|---|---|
| Dewey Decimal Classification | Préstamo en sala | Dominicana de Servicio | Biblioteca Nacional Pedro Henríquez Ureña | Biblioteca Nacional Pedro Henríquez Ureña | Depósito | 19.02.2015 | LF1 | BNPHU DS 346.7293059 P438f | 6895-30 | 25.06.2020 | e. 3 | 25.06.2020 | Libro | Perteneció a la biblioteca personal de Germán Emilio Ornes. | ||||
| Dewey Decimal Classification | Préstamo en sala | Dominicana de Servicio | Biblioteca Nacional Pedro Henríquez Ureña | Biblioteca Nacional Pedro Henríquez Ureña | Depósito | 26.03.2015 | LF1 | BNPHU DS 346.7293059 P438f | 6895-40 | 25.06.2020 | e. 4 | 25.06.2020 | Libro | Perteneció a la biblioteca personal del Dr. Guaroa Ginebra H. | ||||
| Dewey Decimal Classification | Préstamo en sala | Dominicana de Servicio | Biblioteca Nacional Pedro Henríquez Ureña | Biblioteca Nacional Pedro Henríquez Ureña | Depósito | 23.07.2015 | LF1 | BNPHU DS 346.7293059 P438f | 6895-50 | 25.06.2020 | e. 5 | 25.06.2020 | Libro | Perteneció a la biblioteca personal de Carmen Herrera. | ||||
| Dewey Decimal Classification | Excluido de préstamo | Patrimonio Dominicano | Biblioteca Nacional Pedro Henríquez Ureña | Biblioteca Nacional Pedro Henríquez Ureña | Depósito | 03.09.2009 | LF1 | BNPHU PD 346.7293059 P438f | 6895-10 | 25.06.2020 | 25.06.2020 | Libro | ||||||
| Dewey Decimal Classification | Excluido de préstamo | Patrimonio Dominicano | Biblioteca Nacional Pedro Henríquez Ureña | Biblioteca Nacional Pedro Henríquez Ureña | Depósito | 15.06.2011 | LF1 | BNPHU PD 346.7293059 P438f | 6895-20 | 25.06.2020 | e. 2 | 25.06.2020 | Libro |
